| 000 | 00414nam a2200169Ia 4500 | ||
|---|---|---|---|
| 005 | 20140407082411.0 | ||
| 008 | 140130s9999 xx 000 0 und d | ||
| 050 |
_aQL 568.F7 _b.R46 1994 |
||
| 245 |
_cWalter Retan _aArmies Of Ants |
||
| 260 |
_bScholastic, _c1994 |
||
| 300 |
_a1 v. (unpaged) : _bcol. ill. ; _c23 cm. |
||
| 440 | _v1 | ||
| 521 | _aG4 | ||
| 526 | _c630 | ||
| 942 |
_cBK _2lcc |
||
| 999 |
_c40809 _d40809 |
||